SIP SLOWLY (Record no. 579363)
[ view plain ]
| 000 -LEADER | |
|---|---|
| fixed length control field | 00244nam a22001097a 4500 |
| 082 ## - DEWEY DECIMAL CLASSIFICATION NUMBER | |
| Classification number | 355 ATT'S |
| 100 ## - MAIN ENTRY--PERSONAL NAME | |
| Personal name | ATTIQ-UR-REHMAN |
| 9 (RLIN) | 10102 |
| 245 ## - TITLE STATEMENT | |
| Title | SIP SLOWLY |
| 260 ## - PUBLICATION, DISTRIBUTION, ETC. | |
| Place of publication, distribution, etc. | RAWALPINDI |
| Name of publisher, distributor, etc. | ARMY EDUCATION PRESS |
| Date of publication, distribution, etc. | 1990 |
| 300 ## - PHYSICAL DESCRIPTION | |
| Extent | 150P |
| 942 ## - ADDED ENTRY ELEMENTS (KOHA) | |
| Koha item type | Book |
| Withdrawn status | Lost status | Damaged status | Not for loan | Permanent Location | Current Location | Shelving location | Date acquired | Total Checkouts | Full call number | Barcode | Date last seen | Price effective from | Koha item type |
|---|---|---|---|---|---|---|---|---|---|---|---|---|---|
| College of Electrical & Mechanical Engineering (CEME) | College of Electrical & Mechanical Engineering (CEME) | General Stacks | 04/20/2017 | 355 ATT'S | CEME-16429 | 06/28/2021 | 06/28/2021 | Book |
